000 01352cam a22003014a 4500
001 11873118
003 ARRUPE
005 20131023124446.0
008 991220s2000 nyua b 001 0 eng
010 _a 99086563
020 _a019513611X (alk. paper)
040 _aDLC
_cDLC
_dDLC
042 _apcc
050 0 0 _aBR115.A8
_bB785 2000
100 1 _aBrown, Frank Burch,
_d1948-
_92755
245 1 0 _aGood taste, bad taste, & Christian taste :
_baesthetics in religious life /
_cFrank Burch Brown.
246 3 _aGood taste, bad taste, and Christian taste
260 _aNew York :
_bOxford University Press,
_c2000.
300 _axx, 312 p. :
_bill. ;
_c24 cm.
504 _aIncludes bibliographical references (p. 271-300) and index.
650 0 _aChristianity and the arts.
_92756
650 0 _aAesthetics
_xReligious aspects
_xChristianity.
_92757
856 4 2 _3Publisher description
_uhttp://www.loc.gov/catdir/enhancements/fy0603/99086563-d.html
856 4 2 _3Contributor biographical information
_uhttp://www.loc.gov/catdir/enhancements/fy0725/99086563-b.html
906 _a7
_bcbc
_corignew
_d1
_eocip
_f19
_gy-gencatlg
942 _2lcc
_cMONOGRAPH
999 _c118402
_d118402